A place in history : a guide to using GIS in historical research /
محفوظ في:
المؤلف الرئيسي:
التنسيق: كتاب
اللغة: English
منشور في:
Oxford :
Oxbow Books,
2003.
سلاسل:
[AHDS guides to good practice].
الموضوعات:
الوسوم: إضافة وسم
لا توجد وسوم, كن أول من يضع وسما على هذه التسجيلة!
رقم الطلب: D16.12 .G74 2003
| LEADER | 01589namaa2200313 4500 | ||
|---|---|---|---|
| 001 | 10929 | ||
| 003 | OSt | ||
| 005 | 20240911130652.0 | ||
| 008 | 130303s2003 enkab b 000 0 eng d | ||
| 952 | |0 0 |1 0 |2 lcc |4 0 |6 D001612 G74 02003 |7 1 |9 17912 |a ARCE |b ARCE |d 2021-08-21 |l 0 |o D16.12 .G74 2003 |p 1006372 |r 2021-08-21 00:00:00 |w 2021-08-21 |y BK | ||
| 999 | |c 14790 |d 14790 | ||
| 015 | |a GBA3-Y6977 | ||
| 020 | |a 1842170368 | ||
| 040 | |c ARCE Library | ||
| 050 | 4 | |a D16.12 .G74 2003 | |
| 100 | 1 | |a Gregory, Ian, |d 1970- |e author | |
| 245 | 1 | 2 | |a A place in history : |b a guide to using GIS in historical research / |c Ian N. Gregory. |
| 264 | 1 | |a Oxford : |b Oxbow Books, |c 2003. | |
| 300 | |a v, 80 pages : |b ill., maps ; |c 24 cm. | ||
| 336 | |2 rdacontent |a text |b txt | ||
| 337 | |2 rdamedia |a unmediated |b n | ||
| 338 | |2 rdacarrier |a volume |b n | ||
| 490 | 0 | |a [AHDS guides to good practice]. | |
| 504 | |a Includes bibliographical references. | ||
| 505 | 0 | |a Sect. 1. GIS and Its uses in Historical Research Sect. 2. The World as Viewed through a GIS Sect. 3. Acquiring Spatial Data Sect. 4. Basic GIS Functionality: Querying, Integrating and Manipulating Spatial Data Sect. 5. Time in Historical GIS Sect. 6. Visualisation from GIS Sect. 7. Spatial Analysis of Statistical Data in GIS Sect. 8. Qualitative Data in GIS Sect. 9. Preservation, Documentation and the Role of the History Data Service Sect. 10. Glossary and Bibliography. | |
| 650 | 0 | |a History |x Research |x Computer programs. | |
| 650 | 0 | |a Geographic information systems. | |
| 901 | |a reviewed | ||
| 942 | |c BK |2 lcc | ||
